000 00886nac a22002771u 4500
003 EG-ScBUE
005 20250729102610.0
008 090525t2007 nyua f b 001 0 eng d
020 _a0071487468
020 _a9780071487467
040 _aEG-ScBUE
_beng
_erda
_cEG-ScBUE
_dEG-ScBUE
082 0 4 _a543.07
_bKHA
_222
100 1 _aKhandpur, R. S.,
_eauthor.
_95289
245 1 0 _aHandbook of analytical instruments /
_cR. S. Khandpur.
264 1 _aNew York :
_bMcGraw-Hill,
_c[2007]
264 4 _cc2007
300 _axxii, 770 pages :
_billustrations ;
_c20 cm.
336 _2rdacontent
_atext
_btxt
337 _aunmediated
_2rdamedia
_bn
338 _avolume
_bnc
_2rdacarrier
490 0 _aMcGraw-Hill handbooks
504 _aIncludes bibliographical references and index.
650 7 _aChemical apparatus.
_2BUEsh
_95290
655 _vReading book
942 _cBB
_2ddc
999 _c2482
_d2482